Regionen von Ländern #2 - Statistiken

Allgemein
  • Dieses Quiz wurde 11.495 mal gespielt
  • Das Durchschnittsergebnis liegt bei 15 aus 21
Antwortstatistiken
Region Land % Korrekt
Texas Vereinigte Staaten
100%
Kreta Griechenland
94%
Sardinien Italien
94%
Katalonien Spanien
91%
Sibirien Russland
90%
Normandie Frankreich
89%
Yorkshire Vereinigtes Königreich
82%
Innere Mongolei China
80%
Oberschlesien Polen
78%
British Columbia Kanada
72%
Flandern Belgien
71%
New South Wales Australien
66%
Kantō Japan
66%
Südostanatolien Türkei
62%
Westkap Südafrika
60%
Uttar Pradesh Indien
55%
County Cork Irland
51%
Dalmatien Kroatien
44%
Siebenbürgen Rumänien
42%
Jalisco Mexiko
37%
Mato Grosso Brasilien
29%
Keine übereinstimmenden Quizze gefunden
Verteilung der Resultate
Anzahl Personen mit jedem Resultat
Perzentil nach korrekt beantworteten Fragen
Ihre Resultats-Entwicklung
Sie haben dieses Quiz noch nicht gespielt